Reconnecting Cultures : The Architecture Of ROCCO Design (Record no. 17476)
[ view plain ]
| 000 -LEADER | |
|---|---|
| fixed length control field | 00393nam a2200145Ia 4500 |
| 008 - FIXED-LENGTH DATA ELEMENTS--GENERAL INFORMATION | |
| fixed length control field | 220803s9999 xx 000 0 und d |
| 020 ## - INTERNATIONAL STANDARD BOOK NUMBER | |
| International Standard Book Number | 9781908967008 |
| 041 ## - LANGUAGE CODE | |
| Language code of text/sound track or separate title | eng |
| 082 ## - DEWEY DECIMAL CLASSIFICATION NUMBER | |
| Classification number | 729 COL |
| 100 ## - MAIN ENTRY--PERSONAL NAME | |
| Personal name | Collina L |
| 9 (RLIN) | 27418 |
| 245 ## - TITLE STATEMENT | |
| Title | Reconnecting Cultures : The Architecture Of ROCCO Design |
| 260 ## - PUBLICATION, DISTRIBUTION, ETC. (IMPRINT) | |
| Place of publication, distribution, etc. | London |
| Name of publisher, distributor, etc. | Artifice Books On Architecture. |
| Date of publication, distribution, etc. | 2013 |
| 300 ## - PHYSICAL DESCRIPTION | |
| Extent | 238p |
| 500 ## - GENERAL NOTE | |
| Keywords | ARCHI |
| Withdrawn status | Lost status | Damaged status | Not for loan | Collection code | Home library | Current library | Date acquired | Vendor | Cost, normal purchase price | Full call number | Barcode | Date last seen | Cost, replacement price | Bill Date | Koha item type | Original Barcode |
|---|---|---|---|---|---|---|---|---|---|---|---|---|---|---|---|---|
| Book of B Arch | Dr. Bhanuben Nanavati College of Architecture | Dr. Bhanuben Nanavati College of Architecture | 03/02/2022 | Word Book | 2313.68 | 720.9 COL | BNCA-BK-11702 | 03/08/2022 | 3559.50 | 27/01/2022 | Reference book | B11702 |